000 01644nam0a22003851 4500
001 v19\rc\1745308
005 20061204152716.7
035 _a(NLR Aleph) 004887879
090 _a5239267
_c5239267
100 _a20061204d1902 |||y0rusy50 ca
101 0 _arus
102 _aRU
105 _ay d |||||
200 1 _aК вопросу о реформе сельского быта крестьян
_fПетр Лохтин
210 _aМосква
_cтипо-лит. А.В. Васильева и К°
_d1902
215 _aVIII, 156 с.
_d25
300 _aИз предисл.: "Предлагаемый ряд статей сост. доп. к моему исследованию "Состояние сельского хозяйства в России сравнительно с другими странами. Итоги к XX веку"
320 _aБиблиогр. в примеч.
604 _150010$aСостояние сельского хозяйства в России сравнительно с другими странами. Итоги к XX веку
_1700#1$aЛохтин$bП.М.$gПетр Михайлович
700 1 _aЛохтин
_bП. М.
_gПетр Михайлович
801 0 _aRU
_bNLR
_gpsbo
801 0 _aRU
_bRuMoRGB
_2psbo
801 1 _aRU
_bProSoft-M
_2rusmarc
852 _aNLR
_j34.7.1.106
899 _aRuMoRGB
_jF 73/88
899 _aRuMoRGB
_jU 125/1262
899 _aRuMoRGB
_jU 295/17
899 _aRuMoRGB
_jРб 19/84
899 _aRuMoRGB
_jКл 67/813
899 _aБАН
899 _aНБ СПбГУ
899 _aГПИБ
899 _aНБ МГУ
942 _cBOOK
980 _aNB